Production Management (Record no. 4843)

MARC details
000 -LEADER
fixed length control field 00390nam a22001697a 4500
005 - DATE AND TIME OF LATEST TRANSACTION
control field 20160630102655.0
008 - FIXED-LENGTH DATA ELEMENTS--GENERAL INFORMATION
fixed length control field 160630b xxu||||| |||| 00| 0 eng d
020 ## - INTERNATIONAL STANDARD BOOK NUMBER
ISBN 81-85749-56-6
041 ## - LANGUAGE CODE
Language code of text/sound track or separate title eng
082 ## - DEWEY DECIMAL CLASSIFICATION NUMBER
Item number 19412
100 ## - MAIN ENTRY--AUTHOR NAME
Personal name Verma A P
245 ## - TITLE STATEMENT
Title Production Management
260 ## - PUBLICATION, DISTRIBUTION, ETC. (IMPRINT)
Name of publisher S.K. Kataria & Sons
Year of publication 2012
300 ## - PHYSICAL DESCRIPTION
Number of Pages 335
650 ## - SUBJECT ADDED ENTRY--TOPICAL TERM
Topical Term Management
942 ## - ADDED ENTRY ELEMENTS (KOHA)
Koha item type Books
Holdings
Lost status Damaged status Collection code Home library Current library Shelving location Date acquired Cost, normal purchase price Full call number Accession Number Koha item type
    MANAGEMENT JRU Library JRU Library SHELF-76-L 30/06/2016 160.00 658.5 19412 Books
    MANAGEMENT JRU Library   SHELF- 67 B 30/06/2016 160.00 19412 19413 Books
      JRU Library   Shelf - 25- E 30/06/2016 160.00 19412 19414 Books
    MANAGEMENT JRU Library JRU Library SHELF-76-L 30/06/2016 160.00 658.5 19415 Books
    MANAGEMENT JRU Library JRU Library SHELF- 67 B 30/06/2016 160.00 19412 19416 Books
      JRU Library   SHELF- 67 B 30/06/2016 160.00 19412 19417 Books